| 000 | 00940nam a22002897a 4500 | ||
|---|---|---|---|
| 001 | 389281 | ||
| 003 | DO-SdBNP | ||
| 005 | 20180125100838.0 | ||
| 007 | 389281 | ||
| 008 | 931220s1993 sp | |||| ||spa | ||
| 016 | 7 | _2BPMSU | |
| 020 | _a848130011X | ||
| 040 |
_aBPMSU _bspa _cBPMSU |
||
| 041 | 1 | _aspa | |
| 080 | 0 | _a820(73)-32"19" | |
| 100 | 1 |
_aKosinski, Jerzy _d1933-1991 |
|
| 240 | 1 | 3 |
_aThe hermit of 69th street _lEspañol |
| 245 | 1 | 3 |
_aEl ermitaño de la calle 69 : _blos papeles de trabajo de Norbert Kosky / _cJerzy Kosinski ; traducción, Domingo Santos |
| 260 |
_aBarcelona : _bEdicones Primera Plana _c1993 |
||
| 300 |
_a95 p.: _c21 cm, |
||
| 490 | _aGrandes autores Biblioteca de literatura universal | ||
| 700 | 1 |
_aSantos, Domingo _d1941- |
|
| 830 | _pGrandes autores Biblioteca de literatura universal | ||
| 942 |
_2ddc _cBK |
||
| 945 | _ainventariado, 2018 / dg | ||
| 956 |
_2VMATEO _310 _620151118 _8BPMSU _a00151 |
||
| 999 |
_c8790 _d8790 |
||